LEADER 01365nam a2200313 i 4500 001 000000147095 003 CaOOAMICUS 005 20231009105125.0 008 060124s1982 it u000 u ita u 020 $a88-222-3078-7 040 $aSeMil$bita 100 1 $aAntonicelli, Franco,$d<1902-1974>.$0(OLS)http://semarc/name/8848 245 10$aCapitoli Gozzaniani :$bscritti editi e inediti /$cFranco Antonicelli ; a cura di Michele Mari. 264 1$aFirenze :$bLeo S. Olschki,$c1982. 300 $a117 p. ;$c24 cm. 490 0 $aTesti ;$v4 500 $aIn testa al front. : Università di Torino, centro di studi di letteratura italiana in Piemonte «Guido Gozzano» 541 0 $aFondo Ciprandi (1O IV 283) 600 14$aGozzano, Guido <1883-1916>.$0(OLS)http://semarc/subject/8508 700 1 $aMari, Michele.$0(OLS)http://semarc/name/13087 830 0$aTesti ;$v4.$0(OLS)http://semarc/title/6082 850 $aSeMil 852 $aSeMil$W1$xVenegono$y1$m1O IV 283$j243674$B99684$CSeMilBibl$Z2$F108186 $81 941 1 $a1 961 $aOmaggio: Ciprandi dott. Paolo 996 $6020$a88-222-3078-7$9(OLS)http://semarc/number/135754 996 $6245$aCapitoli Gozzaniani :$bscritti editi e inediti$9(OLS)http://semarc/title/215120 996 $6264$aFirenze :$bLeo S. Olschki$9(OLS)http://semarc/publisher/29957 LEADER 01096nam a2200241 i 4500 001 000000071115 003 CaOOAMICUS 005 20081014000000.0 008 081014s1967 it u000 u ita u 013 $a42287 040 $aSeMil$bita 100 1 $aMarek, Franz.$0(OLS)http://semarc/name/35374 240 10$aPhilosophie der Weltrevolution.$0(OLS)http://semarc/title/114322 245 10$aFilosofia della rivoluzione :$bcontributo a un'antologia delle teorie della rivoluzione /$cFranz Marek. 260 $aRoma :$bEditori Riuniti,$c1967. 300 $a153 p. ;$c22 cm. 490 0 $aNuova biblioteca di cultura ;$v80 650 4$aRivoluzione .$0(OLS)http://semarc/subject/57902 830 0$aNuova biblioteca di cultura ;$v80.$0(OLS)http://semarc/title/7069 850 $aSeMil 852 $aSeMil$W1$xVenegono$y1$m2P III 318$j37268$B37268$CSeMilBibl$Z2$F37271 $81 996 $6245$aFilosofia della rivoluzione :$bcontributo a un'antologia delle teorie della rivoluzione$9(OLS)http://semarc/title/114321 996 $6260$aRoma :$bEditori Riuniti$9(OLS)http://semarc/publisher/30240